Science Quiz

Random Science or Letter Quiz

Sporcle's Easiest Element (per Letter) Quiz Stats

 Plays Quiz Updated Jun 7, 2019

Score 0/23 Timer 02:30
8 Plays Today
Hint Element % Correct
OOxygen
92.7%
CCarbon
90.1%
HHydrogen
89.8%
NNitrogen
85.2%
BBoron
84.7%
GGold
77.2%
AArgon
72.7%
XXenon
71.4%
UUranium
71.4%
SSilver
69.1%
LLithium
66.8%
IIron
64%
Hint Element % Correct
MMagnesium
63.7%
ZZinc
63.5%
PPotassium
60.6%
TTin
55.6%
FFluorine
54%
KKrypton
53.7%
YYttrium
45.8%
VVanadium
40.9%
EEinsteinium
40.8%
RRadium
39.5%
DDubnium
12.7%

You're not logged in!

Compare scores with friends on all Sporcle quizzes.
OR
Log In

Sporcle TV

Today on Sporcle TV


Watch our educational content, quiz creation guides, and fun videos on Sporcle TV.

Show Comments

Extras

Top Quizzes Today


Score Distribution

Your Account Isn't Verified!

In order to create a playlist on Sporcle, you need to verify the email address you used during registration. Go to your Sporcle Settings to finish the process.

Report this User

Report this user for behavior that violates our Community Guidelines.

Details: